Programming The Web With ColdFusion MX 6.1 Using XHTML (Record no. 595401)

000 -LEADER
fixed length control field 00452nam a22001457a 4500
020 ## - INTERNATIONAL STANDARD BOOK NUMBER
International Standard Book Number 9780072890327
040 ## - CATALOGING SOURCE
Transcribing agency NUST
082 ## - DEWEY DECIMAL CLASSIFICATION NUMBER
Classification number 005.758 PRA
100 ## - MAIN ENTRY--PERSONAL NAME
Personal name Prayaga, Lakshmi
9 (RLIN) 55728
110 ## - MAIN ENTRY--CORPORATE NAME
Corporate name or jurisdiction name as entry element Suri, Hamsa
9 (RLIN) 113987
245 ## - TITLE STATEMENT
Title Programming The Web With ColdFusion MX 6.1 Using XHTML
260 ## - PUBLICATION, DISTRIBUTION, ETC.
Place of publication, distribution, etc. Boston:
Name of publisher, distributor, etc. McGraw-Hill Technology Education,
Date of publication, distribution, etc. 2004.
650 ## - SUBJECT ADDED ENTRY--TOPICAL TERM
Topical term or geographic name entry element Programming The Web With ColdFusion MX 6.1 Using XHTML
9 (RLIN) 113988
942 ## - ADDED ENTRY ELEMENTS (KOHA)
Source of classification or shelving scheme
Koha item type Book
Holdings
Withdrawn status Lost status Source of classification or shelving scheme Damaged status Not for loan Permanent Location Current Location Shelving location Date acquired Total Checkouts Full call number Barcode Date last seen Price effective from Koha item type
          College of Electrical & Mechanical Engineering (CEME) College of Electrical & Mechanical Engineering (CEME) General Stacks 08/05/2023   005.758 PRA CEME-42268 08/05/2023 08/05/2023 Book
© 2023 Central Library, National University of Sciences and Technology. All Rights Reserved.